Vista normal
Vista MARC
Entrada Encabezamiento de título uniforme
Número de registros utilizados en: 5
001 - CONTROL NUMBER
- control field: 2881
003 - CONTROL NUMBER IDENTIFIER
- control field: vecauma
005 - DATE AND TIME OF LATEST TRANSACTION
- control field: 20221003224131.0
008 - FIXED-LENGTH DATA ELEMENTS
- fixed length control field: 221003|| aca||aabn | a|a d
040 ## - CATALOGING SOURCE
- Original cataloging agency: vecauma
130 ## - HEADING--UNIFORM TITLE
- Uniform title: Biblia.
- Name of part/section of a work: Evangelios
